Estatísticas para Praias da Zona Sul do Rio de Janeiro

Clique aqui para jogar o quiz

Estatísticas Gerais

  • Esse quiz foi jogado 51 vezes
  • A pontuação média é 11 de 20

Estatísticas das Respostas

HintResposta% Correto
IpanemaIpanema
93%
CopacabanaCopacabana
88%
LemeLeme
88%
LeblonLeblon
86%
São ConradoSão Conrado
86%
BotafogoBotafogo
83%
GlóriaFlamengo
83%
FlamengoFlamengo
83%
UrcaUrca
79%
IpanemaArpoador
74%
VidigalVidigal
71%
UrcaVermelha
55%
CopacabanaForte
31%
IpanemaDiabo
26%
CopacabanaDiabo
26%
São ConradoPepino
19%
UrcaFora
12%
UrcaDentro
7%
LemeAnel
2%
GlóriaPrainha da Marina da Glória
2%

Distribuição das Pontuações

Percentil de Números Respondidos

Porcentagem de Pessoas com Cada Pontuação

Sua Pontuação Histórica

Você não jogou esse quiz